| 000 | 00507nam a2200181Ia 4500 | ||
|---|---|---|---|
| 003 | GCL | ||
| 008 | 140319s9999 xx 000 0 eng d | ||
| 040 |
_aGCL / _cGCL |
||
| 082 | 0 | 4 |
_a709.73 _bF H |
| 100 | 1 | _aFLEXMER, JAMES T. | |
| 245 | 1 | 0 |
_aHISTORY OF AMERICAN PAINTING Vol.3. / _cFLEXMER, JAMES T. |
| 260 |
_a[S.N] : _bDOVER PUBLICATIONS,INC. ، _c1970 |
||
| 300 | _a344 | ||
| 650 | 0 | 4 | _aDRAWING |
| 650 | 0 | 4 | _aPAINTING - ILLUSTRATION |
| 650 | 0 | 4 | _aAMERICAN PAINTING AND ILLUSTRATION |
| 942 |
_2ddc _cBK |
||
| 999 |
_c17593 _d17593 |
||